00640nas a2200205 45000010005000000030011000050050017000160350009000331000041000421010008000831020007000911060006000981100016001042000028001203100076001483100115002246060039003396070043003786760013004216281GR-kaGGEEl20220622205358.0 a8988 a20100511c k y0grey50 ba0 aeng aCY ae ac||| 0|||1 aCyprus Mail [newspaper] aΗ βιβλιοθήκη διαθέτει τα εξής: 1958-1960 aΗ εφημερίδα είναι δεμένη σε 6 τόμους μεγάλου μεγέθους.1 aΤύπος, Κυπριακός aΚύπροςxΕφημερίδες a079.5645